| 000 | 00751nam a22002657a 4500 | ||
|---|---|---|---|
| 001 | 0000861 | ||
| 003 | KOHA_MİRAKIL | ||
| 005 | 20260207001222.0 | ||
| 007 | ta | ||
| 008 | 081212b2006 tu |||gr||||#||||0|tur | | ||
| 020 |
_a975511467X _cYTL16,84 |
||
| 040 |
_aTR-BiSEU _btur _cTR-BiSEU _erda |
||
| 041 | 0 | _atur | |
| 044 | _ctu | ||
| 050 |
_aTK7867 _b.T87 2006 |
||
| 100 | 1 | _aTürköz, Mehmet Sait. | |
| 245 | 1 |
_aÇözümlü elektronik devreler/ _cMehmet Sait Türköz ; Mehmet Said Türköz. |
|
| 264 | 1 |
_aİstanbul : _bBirsen Yayınevi _c2006 |
|
| 300 | _a232 sayfa | ||
| 336 |
_ametin _btxt _2rdacontent |
||
| 337 |
_aaracısız _bn _2rdamedia |
||
| 338 |
_acilt _bnc _2rdacarrier |
||
| 650 | 0 |
_aElektronik devreler. _92694 |
|
| 942 |
_2lcc _cBK |
||
| 999 |
_c856 _d856 |
||